00419nam a2200109Ia 4500082002100000245014400021260004100165300001600206504001900222650003200241650003600273 aRR 920.9295 FAM; 0aFamous parsis: bbiographical and critical sketches of patriots, philanthropists, politicians, reformers, scholars and captains of industry aNew DelhibMittal Publicationsc1990 aviii, 488p. aIncludes index aParsees - Biography - India aCelebrities - Biography - India